000 00677nam a22002297a 4500
999 _c8544
_d8544
003 AR-CdUCM
008 190325b ||||| |||| 00| 0 spa d
040 _aMUNICIPALIDAD PROVINCIAL DEL CUSCO
_cBIBLIOTECA MUNICIPAL DEL CUSCO
041 _hger
082 _a160.03 /
_bW74
100 _aWittgenstein, Ludwing
_923936
245 _aSobre la certidumbre /
260 _aArgentina :
_bTiempo Nuevo,
_c1972.
300 _a211 páginas ;
_c20 cm.
500 _atexto en Alemán.
650 _aLa certidumbre
_923937
650 _aLógica
_92358
650 _aAlemania
_91327
700 _aSuárez, María Victoria (traducción)
_923938
942 _2ddc
_cLIBROS
945 _aachl